Playboi Carti - Playboy Carti (Tracklista) - Statystyki

Ogólne statystyki
  • Ten quiz został rozwiązany 17 razy
  • Średni wynik to 10 z 15
Statystyki odpowiedzi
Nr Nazwa utworu % Poprawnych
1 Location
94%
2 Magnolia
94%
4 Wokeuplikethis*
94%
13 Flex
88%
7 New Choppa
88%
3 Lookin
81%
11 Lame Niggaz
69%
15 Had 2
63%
14 Kelly K
63%
9 No. 9
63%
10 Dothatshit!
50%
6 Half & Half
50%
12 Yah Mean
44%
5 Let It Go
38%
8 Other Shit
38%
Nie znaleziono quizów pasujących do podanych kryteriów
Rozkład punktacji
Procent ludzi z każdym wynikiem
Percentyl według liczby udzielonych odpowiedzi
Twoja historia wyników
Nie rozwiązałeś tego quizu